Economics

This reader is a collection of current articles from sources such as Foreign Policy, The Brookings Review and The World & I. Articles examine specific microeconomic and macroeconomic issues; income distribution and economic justice; and the changing global economy.

שמור ב:
מידע ביבליוגרפי
מחבר ראשי: Cole, Don
פורמט: ספר
שפה:Undetermined
יצא לאור: Guiford McGraw - Hill 2002
נושאים:
תגים: הוספת תג
אין תגיות, היה/י הראשונ/ה לתייג את הרשומה!
Thư viện lưu trữ: Trung tâm Học liệu Trường Đại học Cần Thơ
LEADER 00768nam a2200205Ia 4500
001 CTU_108665
008 210402s9999 xx 000 0 und d
082 |a 330 
082 |b C689 
100 |a Cole, Don 
245 0 |a Economics 
245 0 |c Don Cole 
260 |a Guiford 
260 |b McGraw - Hill 
260 |c 2002 
520 |a This reader is a collection of current articles from sources such as Foreign Policy, The Brookings Review and The World & I. Articles examine specific microeconomic and macroeconomic issues; income distribution and economic justice; and the changing global economy. 
650 |a Economics 
904 |i Hiếu 
910 |a Sách kèm theo đĩa CD có số: 
980 |a Trung tâm Học liệu Trường Đại học Cần Thơ